| 000 | 00943cam a2200289 a 4500 | ||
|---|---|---|---|
| 001 | 3575008 | ||
| 003 | OSt | ||
| 005 | 20170206143119.0 | ||
| 008 | 990202s1999 enka b 001 0 eng | ||
| 010 | _a 99017596 | ||
| 020 | _a0335203884 | ||
| 020 | _a0335203892 | ||
| 040 |
_aDLC _cDLC _dDLC |
||
| 050 | 0 | 0 |
_aLB1028 _b.B394 1999 |
| 082 | 0 | 0 |
_a001.42 _221 _bBEL 1999 |
| 100 | 1 |
_aBell, Judith, _d1930- _91096 |
|
| 245 | 1 | 0 |
_aDoing Your Research Project : _ba guide for first-time researchers in education and social science |
| 250 | _a3rd ed. | ||
| 260 |
_bOpen University Press, _c1999. |
||
| 300 |
_axiv, 230 p. : _bill. ; _c22 cm. |
||
| 504 | _aIncludes bibliographical references and index. | ||
| 650 | 0 |
_aResearch methods _91097 |
|
| 650 | 0 |
_aEducational research _91098 |
|
| 856 | 4 | 1 |
_3Table of contents _uhttp://www.loc.gov/catdir/toc/mh051/99017596.html |
| 906 |
_a7 _bcbc _corignew _d1 _eocip _f19 _gy-gencatlg |
||
| 942 |
_2ddc _cSLOAN |
||
| 999 |
_c418 _d418 |
||